00659nam a2200229 a 4500001001300000003000900013005001700022008004100039020001000080082001800090100002900108245001800137260003800155300001000193500003500203505002400238650001900262902000800281942000700289952011800296999001500414nice12345678IN_TiNIC20260116011639.0050524s1978 luca grp 000 0 eng  ac10000a297.1226bNOM aNomani, Muhammad Manzoor aQuran and You aLucknowbAcademy of Islamicc1978 a222p. aincludes index and biblioraphy2 aBibliography, index aQuran-Theology bSRS cBK 001040708StackRoom-aHMIbHMId2007-08-01g100.00l0o297.1226 NOMp09682r2007-08-01v100.00w2005-05-24yBK c3108d3108